| 000 | 00443nam a2200133Ia 4500 | ||
|---|---|---|---|
| 008 | 171207s9999 xx 000 0 und d | ||
| 100 | _aTaibi, Davide | ||
| 245 | _aHow developers perceive smells in source code: A replicated study | ||
| 245 | _cDavide Taibi, Andrea Janes, Valentina Lenarduzzi | ||
| 260 | _c2017 | ||
| 300 | _apages 223-235, August 2017 | ||
| 440 |
_aInformation and Software Technology _v92: |
||
| 650 | _aSOFTWARE TECHNLOGY | ||
| 999 |
_c347635 _d347635 |
||